One day in the life of Ivan Denisovich / (Record no. 294963)
[ view plain ]
| 000 -LEADER | |
|---|---|
| fixed length control field | 01671cam a22004093a 4500 |
| 001 - CONTROL NUMBER | |
| control field | 15686032 |
| 003 - CONTROL NUMBER IDENTIFIER | |
| control field | SISC |
| 005 - DATE AND TIME OF LATEST TRANSACTION | |
| control field | 20160601102841.0 |
| 008 - FIXED-LENGTH DATA ELEMENTS--GENERAL INFORMATION | |
| fixed length control field | 080409r20081962nyu b 000 0 eng d |
| 010 ## - LIBRARY OF CONGRESS CONTROL NUMBER | |
| LC control number | 2009415452 |
| 020 ## - INTERNATIONAL STANDARD BOOK NUMBER | |
| International Standard Book Number | 9780451531049 (pbk.) |
| 035 ## - SYSTEM CONTROL NUMBER | |
| System control number | (OCoLC)ocn223806827 |
| 035 ## - SYSTEM CONTROL NUMBER | |
| System control number | (OCoLC)223806827 |
| 040 ## - CATALOGING SOURCE | |
| Original cataloging agency | BTCTA |
| Transcribing agency | BTCTA |
| Modifying agency | BAKER |
| -- | OEI |
| -- | DAD |
| -- | DLC |
| 041 1# - LANGUAGE CODE | |
| Language code of text/sound track or separate title | eng |
| Language code of original and/or intermediate translations of text | rus |
| 042 ## - AUTHENTICATION CODE | |
| Authentication code | lccopycat |
| 050 00 - LIBRARY OF CONGRESS CALL NUMBER | |
| Classification number | PN 1997 .O44 |
| Item number | H3 2008 |
| 100 1# - MAIN ENTRY--PERSONAL NAME | |
| Personal name | Solzhenit︠s︡yn, Aleksandr Isaevich, |
| Dates associated with a name | 1918-2008. |
| 240 10 - UNIFORM TITLE | |
| Uniform title | <a href="Odin denʹ Ivana Denisovicha.">Odin denʹ Ivana Denisovicha.</a> |
| Language of a work | English |
| 245 10 - TITLE STATEMENT | |
| Title | One day in the life of Ivan Denisovich / |
| Statement of responsibility, etc | Alexander Solzhenitsyn ; translated from the Russian by Ralph Parker ; with an introduction by Yevgeny Yevtushenko ; a foreword by Alexander Tvardovsky ; and a new afterword by Eric Bogosian.. |
| 260 ## - PUBLICATION, DISTRIBUTION, ETC. (IMPRINT) | |
| Place of publication, distribution, etc | New York : |
| Name of publisher, distributor, etc | Signet Classics, |
| Date of publication, distribution, etc | 2008. |
| 300 ## - PHYSICAL DESCRIPTION | |
| Extent | xx, 151 p. ; |
| Dimensions | 18 cm. |
| 500 ## - GENERAL NOTE | |
| General note | Originally published in Novy mir, Nov. 1962. First Signet Classics printing, January 1963. |
| 504 ## - BIBLIOGRAPHY, ETC. NOTE | |
| Bibliography, etc | Includes bibliographical references (p. 149-151). |
| 546 ## - LANGUAGE NOTE | |
| Language note | Translated from the Russian. |
| 650 #0 - SUBJECT ADDED ENTRY--TOPICAL TERM | |
| Topical term or geographic name as entry element | Forced labor |
| Geographic subdivision | Soviet Union |
| Form subdivision | Fiction. |
| 650 #0 - SUBJECT ADDED ENTRY--TOPICAL TERM | |
| Topical term or geographic name as entry element | Communism in literature. |
| 650 #0 - SUBJECT ADDED ENTRY--TOPICAL TERM | |
| Topical term or geographic name as entry element | Prisons |
| Geographic subdivision | Soviet Union |
| Form subdivision | Fiction. |
| 650 #0 - SUBJECT ADDED ENTRY--TOPICAL TERM | |
| Topical term or geographic name as entry element | Concentration camps |
| Geographic subdivision | Soviet Union |
| Form subdivision | Fiction. |
| 651 #0 - SUBJECT ADDED ENTRY--GEOGRAPHIC NAME | |
| Geographic name | Soviet Union |
| Form subdivision | Fiction. |
| 700 1# - ADDED ENTRY--PERSONAL NAME | |
| Personal name | Yevtushenko, Yevgeny Aleksandrovich, |
| Dates associated with a name | 1933- |
| 700 1# - ADDED ENTRY--PERSONAL NAME | |
| Personal name | Bogosian, Eric. |
| 710 2# - ADDED ENTRY--CORPORATE NAME | |
| Corporate name or jurisdiction name as entry element | Copyright Paperback Collection (Library of Congress) |
| Institution to which field applies | DLC |
| 906 ## - LOCAL DATA ELEMENT F, LDF (RLIN) | |
| a | 0 |
| b | ibc |
| c | copycat |
| d | 2 |
| e | ncip |
| f | 20 |
| g | y-genrareb |
| 942 ## - ADDED ENTRY ELEMENTS (KOHA) | |
| Source of classification or shelving scheme | Library of Congress Classification |
| Koha item type | Books |
| Withdrawn status | Lost status | Source of classification or shelving scheme | Damaged status | Home library | Current library | Shelving location | Date acquired | Source of acquisition | Total Checkouts | Full call number | Barcode | Date last seen | Date checked out | Price effective from | Koha item type |
|---|---|---|---|---|---|---|---|---|---|---|---|---|---|---|---|
| Library of Congress Classification | Luxembourg Library | Luxembourg Library | Fiction Section | 05/25/2016 | Library Fund | 1 | PN 1997 .O44 H3 2008 | 20159 | 11/18/2017 | 11/06/2017 | 05/25/2016 | Books |